<?xml version="1.0" encoding="UTF-8"?>
<record
    xmlns:xsi="http://www.w3.org/2001/XMLSchema-instance"
    xsi:schemaLocation="http://www.loc.gov/MARC21/slim http://www.loc.gov/standards/marcxml/schema/MARC21slim.xsd"
    xmlns="http://www.loc.gov/MARC21/slim">

  <leader>00541nam a22001577a 4500</leader>
  <controlfield tag="008">230605b        |||||||| |||| 00| 0 eng d</controlfield>
  <datafield tag="040" ind1=" " ind2=" ">
    <subfield code="a">National Science Library</subfield>
    <subfield code="c">National Science Library</subfield>
  </datafield>
  <datafield tag="080" ind1=" " ind2=" ">
    <subfield code="a">R 016:571/572(540)</subfield>
    <subfield code="b">K0</subfield>
  </datafield>
  <datafield tag="245" ind1=" " ind2=" ">
    <subfield code="a">Bibliography of Indology</subfield>
    <subfield code="c">/ National Library</subfield>
  </datafield>
  <datafield tag="260" ind1=" " ind2=" ">
    <subfield code="a">Calcutta: </subfield>
    <subfield code="b">National Library, </subfield>
    <subfield code="c">1960</subfield>
  </datafield>
  <datafield tag="300" ind1=" " ind2=" ">
    <subfield code="a">290p.</subfield>
  </datafield>
  <datafield tag="500" ind1=" " ind2=" ">
    <subfield code="a">Vol. 1 (Indian Anthropology)
Vol. 2 (Indian Botany)
Vol. 3 (Bengali language and literature)
</subfield>
  </datafield>
  <datafield tag="650" ind1=" " ind2=" ">
    <subfield code="a">Language</subfield>
  </datafield>
  <datafield tag="653" ind1=" " ind2=" ">
    <subfield code="a">Dictionaries</subfield>
  </datafield>
  <datafield tag="942" ind1=" " ind2=" ">
    <subfield code="2">udc</subfield>
    <subfield code="c">PR</subfield>
  </datafield>
  <datafield tag="999" ind1=" " ind2=" ">
    <subfield code="c">39007</subfield>
    <subfield code="d">39007</subfield>
  </datafield>
  <datafield tag="952" ind1=" " ind2=" ">
    <subfield code="0">0</subfield>
    <subfield code="1">0</subfield>
    <subfield code="2">udc</subfield>
    <subfield code="4">0</subfield>
    <subfield code="6">R_016571572540_K0</subfield>
    <subfield code="7">0</subfield>
    <subfield code="9">58660</subfield>
    <subfield code="a">NSL</subfield>
    <subfield code="b">NSL</subfield>
    <subfield code="c">GF/Rk-23/C-5/R-2</subfield>
    <subfield code="d">1963-05-22</subfield>
    <subfield code="h">Vol. 1 (Indian Anthropology)</subfield>
    <subfield code="l">0</subfield>
    <subfield code="o">R 016:571/572(540) K0</subfield>
    <subfield code="p">2612</subfield>
    <subfield code="r">2023-06-05 00:00:00</subfield>
    <subfield code="w">1963-05-22</subfield>
    <subfield code="y">PR</subfield>
  </datafield>
  <datafield tag="952" ind1=" " ind2=" ">
    <subfield code="0">0</subfield>
    <subfield code="1">0</subfield>
    <subfield code="2">udc</subfield>
    <subfield code="4">0</subfield>
    <subfield code="6">R_016571572540_K022</subfield>
    <subfield code="7">0</subfield>
    <subfield code="9">58661</subfield>
    <subfield code="a">NSL</subfield>
    <subfield code="b">NSL</subfield>
    <subfield code="c">GF/Rk-23/C-5/R-2</subfield>
    <subfield code="d">1963-05-22</subfield>
    <subfield code="h">Vol. 2 (Indian Botany)</subfield>
    <subfield code="l">0</subfield>
    <subfield code="o">R 016:571/572(540) K0.2.2</subfield>
    <subfield code="p">19111</subfield>
    <subfield code="r">2023-06-05 00:00:00</subfield>
    <subfield code="w">1963-05-22</subfield>
    <subfield code="y">PR</subfield>
  </datafield>
  <datafield tag="952" ind1=" " ind2=" ">
    <subfield code="0">0</subfield>
    <subfield code="1">0</subfield>
    <subfield code="2">udc</subfield>
    <subfield code="4">0</subfield>
    <subfield code="6">R_016571572540_K122</subfield>
    <subfield code="7">0</subfield>
    <subfield code="9">58666</subfield>
    <subfield code="a">NSL</subfield>
    <subfield code="b">NSL</subfield>
    <subfield code="c">GF/Rk-23/C-5/R-2</subfield>
    <subfield code="d">1963-05-22</subfield>
    <subfield code="h">Vol. 3 (Bengali language and literature)</subfield>
    <subfield code="l">0</subfield>
    <subfield code="o">R 016:571/572(540) K1.2.2</subfield>
    <subfield code="p">19107</subfield>
    <subfield code="r">2023-06-05 00:00:00</subfield>
    <subfield code="w">1963-05-22</subfield>
    <subfield code="y">PR</subfield>
  </datafield>
</record>
